| 000 | 004370000a22001690004500 | ||
|---|---|---|---|
| 003 | MACL | ||
| 005 | 20151231120608.0 | ||
| 008 | 151231b xxu||||| |||| 00| 0 eng d | ||
| 040 |
_aMACL _cMACL |
||
| 041 | _aEnglish | ||
| 082 | _a294/PRA | ||
| 100 |
_aPratt, James Bissett _925467 |
||
| 245 |
_aIndia and Its Faiths _bA Travellers Record |
||
| 260 |
_bConstable & Co Ltd _c1916 |
||
| 650 |
_aReligion _925468 |
||
| 942 |
_cBK _k294/PRA _2ddc |
||
| 999 |
_c39277 _d39277 |
||